Estadísticas para Rosco de Pasapalabra #6

Haz click aquí para intentar la prueba.

Estadísticas generales

  • Esta prueba ha sido intentada 224 veces
  • La puntuación promedio es 10 de 25

Estadísticas de respuestas

InicialDefiniciónRespuesta% Correcto
DHacer dócil a un animal por medio de ejercicio y adiestramientoDomar
90%
BRecipiente de cristal, vidrio, plástico u otro material, con el cuello estrecho, para contener líquidosBotella
88%
ASalsa hecha de ajos machacados y aceiteAlioli
77%
Contiene la ÑTubo de las armas de fuego por donde sale el proyectilCañón
74%
CPorcentaje que percibe un agente sobre el producto de una venta o negocioComisión
74%
OTrabajo de albañilería que se hace en una casaObra
66%
NElegir a una persona para desempeñar un cargo o empleoNombrar
64%
THaz de fibras conjuntivas que une los músculos a los huesosTendón
57%
JConjunto de personas pertenecientes a cierta entidad, reunidas para tratar asuntos de la mismaJunta
56%
ZPaso largo que se da con movimiento acelerado o por tener las piernas largasZancada
52%
HQue tiene forma de héliceHelicoidal
39%
Contiene la XUnidad mínima con significado léxico que no presenta morfemas gramaticalesLexema
34%
FEspada de cuatro aristas que se usa en esgrimaFlorete
29%
VHijo o descendiente de una familiaVástago
26%
PCrema de chocolate con almendra o avellanaPraliné
25%
SMúsica interpretada en la calle o al aire libre durante la noche en honor de una personaSerenata
22%
LArte de dibujar o grabar en piedra preparada al efecto, para reproducir, por impresión, lo dibujado o grabadoLitografía
20%
Contiene la QBulto hecho con una o más cosas colocadas ordenadamente, que está atado o sujeto de alguna maneraPaquete
20%
IPerdón de las penas correspondiente a los pecados cometidos, que se obtiene por mediación de la IglesiaIndulgencia
15%
USe dice del mamífero que tiene las extremidades terminadas en casco o pezuña, como el caballo o el toroUngulado
11%
EBurla tenaz que se hace con el propósito de ofender o humillarEscarnio
9%
Contiene la YInterpretación moderada y prudente de la ley, según las circunstancias de tiempo, lugar y personaEpiqueya
4%
MManzano silvestre, cuyo fruto es más pequeño y menos sabroso que la manzana comúnMaguillo
4%
GSistema montañoso de la India, formado por dos cordilleras que bordean la meseta del Decán por este y oesteGhates
1%
RApellido del economista que, en 1960, publicó el libro 'Las etapas del crecimiento económico'Rostow
1%

Distribución de puntuación

Porcentaje por número respondido

Porcentaje de gente con cada puntuación

Historial de tus puntuaciones

No has intentado esta prueba.